000 01174nam a2200229Ia 4500
003 OSt
005 20200707182237.0
008 191128s1993 ck ad gr 000 0 spa d
040 _aCO-JMCR
_cCO-JMCR
041 0 _aspa
082 0 4 _a330.986 /
_bA837d
_223
110 1 _aColombia. Asociación Nacional de Instituciones Financieras
_96016
245 0 _aDespués del revolcón :
_bmemorias de la XVI Asamblea Ordinaria de Anif /
_cAsociación Nacional de Instituciones Financieras ; editor Alfredo Angulo S.
260 _aBogotá :
_bAsociación Nacional de Instituciones Financieras,
_c1993.
300 _a216 páginas :
_bgráficos a blanco y negro ;
_c 22 cm.
505 0 _aDiscurso del señor Presidente de la República -- Intervención del presidente de la junta directiva de Anif -- Una evaluación de la apertura ecónomica en Colombia -- Las complicaciones de la futura política económica -- Perspectivas de la estabilización
650 1 4 _aFinanzas
_zColombia
_96833
650 2 4 _aCongresos
_x conferencias
_zColombia
_96834
650 2 4 _aPolítica económica
_xCongresos
_xconferencias
_96835
700 1 _aAngulo S., Alfredo,
_eeditor
_96836
942 _2ddc
_cBK
999 _c5625
_d5625